| 000 | 00553nam a2200181Ia 4500 | ||
|---|---|---|---|
| 008 | 240729s9999 xx 000 0 und d | ||
| 022 | _a1863-2122 | ||
| 245 | 0 | _aElectronic Communications of the EASST | |
| 260 | _aGermany | ||
| 260 | _bTechnische Universität Berlin, Universitätsbibliothek | ||
| 650 | _a Electronic computers. Computer science | ||
| 650 | _a Instruments and machines | ||
| 650 | _a Mathematics | ||
| 650 | _aScience | ||
| 856 | _uhttps://doaj.org/toc/d3c8c2e484b54b0db34ce5c2a078a4d1 | ||
| 942 | _2ddc | ||
| 942 | _cDOAJEJ | ||
| 999 |
_c66183 _d66183 |
||
| 945 |
_a1 _bMadushi Gamage _c1 _dMadushi Gamage |
||